Romans de Guillaume Musso - Statistiques

Statistiques générales
  • Ce quiz a été pris 28 fois
  • Le résultat moyen est 15 sur 21
Answers on the Grid
Answers color-coded by a green-red scale on the quiz's grid according to % correct below.
Un appartement à Paris
Suite française
Skidamarink
Seras tu là?
Sauve-moi
Rebecca
Quelqu'un d'autre
Que serais-je sans toi ?
Parce que je t'aime
Les apprences
Le passeur
Le nom de la rose
Le guépard
La vie est un roman
La trilogie des écrivains
La nuit
La maison aux esprits
La jeune fille et la nuit
La fille de papier
La fille de Brooklyn
L'instant présent
L'inconnue de la Seine
L'appel de l'ange
Je reviens te chercher
Et après...
Demain
De sang froid
Central Park
Angélique
7 ans après
 
Statistiques - réponses
Réponse % Correct
Et après...
92%
Que serais-je sans toi ?
92%
La fille de Brooklyn
85%
L'inconnue de la Seine
85%
Seras tu là?
85%
Un appartement à Paris
85%
7 ans après
77%
Demain
77%
La fille de papier
77%
La jeune fille et la nuit
77%
Parce que je t'aime
77%
Sauve-moi
77%
Central Park
69%
Je reviens te chercher
69%
La vie est un roman
69%
L'instant présent
69%
L'appel de l'ange
62%
Quelqu'un d'autre
62%
Angélique
46%
La trilogie des écrivains
46%
Skidamarink
46%
Aucun quiz correspondant
Distribution des résultats
% des personnes avec chaque résultat
Percentile par nombre de réponses
Votre historique - résultats
Vous n’avez pas pris ce quiz